000 00543nam a2200193Ia 4500
008 150610s9999 xx 000 0 und d
020 _a9780316127967
050 _aPZ7
_b.Q3185 Bo 2013
100 _aQuick, Matthew
245 _aBoy 21 /
_cMatthew Quick.
250 _a1st ed.
260 _aNew York :
_bHatchett Book Group,
_c2013.
300 _a250pages ;
_c21 cm.
520 _aFiction.
650 _aBasketball
_bFiction.
650 _aGangsters
_xFiction.
650 _aHigh schools
_bFiction.
650 _aIrish Americans
_xFiction.
999 _c287847
_d287847